000 00607nam a2200217Ia 4500
003 OSt
005 20220926031814.0
006 a|||||r|||| 00| 0
007 ta
008 220923b |||||||| |||| 00| 0 eng d
037 _cGeneral Book
040 _aRTL
_cRTL
_beng
041 _2eng
_aeng
082 _aXxN20K0, N6
100 _aKojima Kiyoshi
_9279316
245 0 _aTrade, investment and pacific economic integration
260 _aShinjuku-Ku
_bBunshindo Pubt
_c1996
300 _a247p
_ccm.
942 _hXxN20K0, N6
_cGB
_2CC
999 _c653186
_d653186